Score 0/20 Timer 05:00
0 Plays Today
Clue Answer % Correct
1953 Dr. Seuss film, The 5000 _______ of Dr. T.Fingers
65%
On New Years' Eve, 2010, an estimated 5000 birds mysteriously fell from the sky near Beebe in which US State?Arkansas
62.5%
According to New Testament accounts, Jesus fed 5000 men with five loaves and two ______.fishes
57.5%
Cameramaker, and manufacturer of the Super Coolscan 5000 ED desktop scanner.Nikon
52.5%
Longest distance currently contested in women's long-track speed skating.5000 meters
50%
Song and video 'Five Thousand More' by Clann Zú is dedicated to the victims of the potato famine where?Ireland
45%
First NFL quarterback to throw for 5000 yards in a single season.Dan Marino
45%
Cameramaker, and manufacurer of the ImageRUNNER 5000 copier-printer-scanner.Canon
42.5%
Manufacturer of the 1960s board game 'V—the game of 5000'.Parker Brothers
40%
Manufacturer of the Nuvi 5000 car GPS unit.Garmin
32.5%
Clue Answer % Correct
German car model introduced for 1984.Audi 5000
30%
On August 22, 1989, this pitcher fanned Rickey Henderson to record his 5000th career strikeout.Nolan Ryan
30%
Second NFL quarterback to throw for 5000 yards in a single season.Drew Brees
27.5%
David Hobbs, Graham McRae, and Brian Redman were among the champions of this 1960s-70s racing series.Formula 5000
25%
Phone number of the Pennsylvania Hotel in New York City, made famous by Glenn Miller & His Orchestra.Pennsylvania 6-5000
20%
American rock band formed in 1991. Frontman Spider One is the younger brother of Rob Zombie.Powerman 5000
17.5%
Former Sporcle 'Just For Fun' Editor, and contributor of Shakespeare's Kitchen, the 5000th published Sporcle quiz!druhutch
12.5%
1985 film starring Jeff Goldblum & Ed Begley, Jr.Transylvania 6-5000
10%
Cameramaker, and manufacturer of the C-5000 Zoom digital camera.Olympus
5%
W. Cleon Skousen 1981 bestseller, The Five Thousand Year ____.Leap
2.5%
Come Together.
Have Fun.
All Virtual.
We all need to come together. Play Sporcle's virtual live trivia to have fun, connect with people, and get your trivia on. Join a live hosted trivia game for your favorite pub trivia experience done virtually. If a virtual private party is more your thing, go here for details.

You're not logged in!

Compare scores with friends on all Sporcle quizzes.
OR
Log In

Sporcle TV

Today on Sporcle TV


Watch our educational content, quiz creation guides, and fun videos on Sporcle TV.

Show Comments

Extras

Created Mar 4, 2011ReportNominate
Tags:5000, thousand

Top Quizzes Today


Score Distribution

Paid Content

Your Account Isn't Verified!

In order to create a playlist on Sporcle, you need to verify the email address you used during registration. Go to your Sporcle Settings to finish the process.

Report this User

Report this user for behavior that violates our Community Guidelines.

Details: